[Event "Stay Safe Play From Home 276"]
[Site "Emanuel Lasker Arena"]
[Date "2020.07.03"]
[Round "4"]
[White "Timbre"]
[Black "Aadi3110theking"]
[Result "0-1"]
[WhiteElo "1620"]
[BlackElo "1835"]
[Annotator "NA"]
[PlyCount "58"]
[EventDate "2020.07.03"]
[EventType "swiss (blitz)"]

1. d4 {[%emt 0:00:04]} Nf6 {[%emt 0:00:02]} 2. c3 {[%emt 0:00:01]} g6 {[%emt 0:00:01]} 3. Nf3 {[%emt 0:00:01]} c5 {[%emt 0:00:01]} 4. Bf4 {[%emt 0:00:01]} b6 {[%emt 0:00:03]} 5. e3 {[%emt 0:00:02]} Bb7 {[%emt 0:00:02]} 6. Be2 {[%emt 0:00:01]} d6 {[%emt 0:00:01]} 7. Nbd2 {[%emt 0:00:01]} Bg7 {[%emt 0:00:01]} 8. h3 {[%emt 0:00:01]} Nbd7 {[%emt 0:00:00]} 9. O-O {[%emt 0:00:01]} O-O {[%emt 0:00:00]} 10. a3 {[%emt 0:00:03]} a6 {[%emt 0:00:03]} 11. Qb3 {[%emt 0:00:02]} b5 {[%emt 0:00:01]} 12. Qc2 {[%emt 0:00:04]} Nd5 {[%emt 0:00:06]} 13. Bg3 {[%emt 0:00:03]} Rc8 {[%emt 0:00:03]} 14. Rad1 {[%emt 0:00:03]} cxd4 {[%emt 0:00:03]} 15. exd4 {[%emt 0:00:02]} N7b6 {[%emt 0:00:25]} 16. Qb1 {[%emt 0:00:02]} Na4 {[%emt 0:00:13]} 17. Rfe1 {[%emt 0:00:07]} Qb6 {[%emt 0:00:18]} 18. Bd3 {[%emt 0:00:16]} Naxc3 {[%emt 0:00:09]} 19. bxc3 {[%emt 0:00:04]} Nxc3 {[%emt 0:00:00]} 20. Qb2 {[%emt 0:00:05]} Nxd1 {[%emt 0:00:03]} 21. Rxd1 {[%emt 0:00:02]} Rfe8 {[%emt 0:00:12]} 22. Be4 {[%emt 0:00:04]} a5 {[%emt 0:00:21]} 23. Bxb7 {[%emt 0:00:02]} Qxb7 {[%emt 0:00:00]} 24. Nf1 {[%emt 0:00:03]} b4 {[%emt 0:00:04]} 25. axb4 {[%emt 0:00:02]} axb4 {[%emt 0:00:00]} 26. Ne3 {[%emt 0:00:05]} Rc7 {[%emt 0:00:21]} 27. Qb3 {[%emt 0:00:03]} Rc3 {[%emt 0:00:04]} 28. Qa4 {[%emt 0:00:10]} Ra8 {[%emt 0:00:03]} 29. Qxa8+ {[%emt 0:00:13]} Qxa8 {[%emt 0:00:00] Timbre resigns (Lag: Av=0.64s, max=0.8s)} 0-1

[Event "Stay Safe Play From Home 276"]
[Site "Emanuel Lasker Arena"]
[Date "2020.07.03"]
[Round "5"]
[White "AChessPlayer"]
[Black "Erdema"]
[Result "1-0"]
[WhiteElo "2362"]
[BlackElo "1679"]
[PlyCount "141"]
[EventDate "2020.07.03"]
[EventType "swiss (blitz)"]

1. d4 {[%emt 0:00:01]} d5 {[%emt 0:00:04]} 2. c4 {[%emt 0:00:01]} e6 {[%emt 0:00:02]} 3. Nc3 {[%emt 0:00:01]} Nf6 {[%emt 0:00:03]} 4. Bg5 {[%emt 0:00:01]} Be7 {[%emt 0:00:03]} 5. e3 {[%emt 0:00:03]} h6 {[%emt 0:00:04]} 6. Bh4 {[%emt 0:00:01]} O-O {[%emt 0:00:04]} 7. Nf3 {[%emt 0:00:03]} Nc6 {[%emt 0:00:03]} 8. a3 {[%emt 0:00:27]} a6 {[%emt 0:00:02]} 9. Rc1 {[%emt 0:00:03]} Ne4 {[%emt 0:00:05]} 10. Bxe7 {[%emt 0:00:03]} Nxc3 {[%emt 0:00:02]} 11. Rxc3 {[%emt 0:00:27]} Nxe7 {[%emt 0:00:11]} 12. Be2 {[%emt 0:00:11]} Bd7 {[%emt 0:00:07]} 13. Ne5 {[%emt 0:00:02]} f6 {[%emt 0:00:04]} 14. Nd3 {[%emt 0:00:04]} b6 {[%emt 0:00:04]} 15. Bf3 {[%emt 0:00:11]} Rb8 {[%emt 0:00:05]} 16. O-O {[%emt 0:00:02]} dxc4 {[%emt 0:00:09]} 17. Rxc4 {[%emt 0:00:00]} Bb5 {[%emt 0:00:04]} 18. Rc1 {[%emt 0:00:03]} Nf5 {[%emt 0:00:07]} 19. a4 {[%emt 0:00:06]} Bd7 {[%emt 0:00:07]} 20. Nb4 {[%emt 0:00:09]} Qe8 {[%emt 0:00:08]} 21. Nxa6 {[%emt 0:00:03]} Rc8 {[%emt 0:00:06]} 22. Nxc7 {[%emt 0:00:06]} Qd8 {[%emt 0:00:11]} 23. Nb5 {[%emt 0:00:03]} Bxb5 {[%emt 0:00:03]} 24. axb5 {[%emt 0:00:00]} Rxc1 {[%emt 0:00:03]} 25. Qxc1 {[%emt 0:00:00]} Qd7 {[%emt 0:00:05]} 26. Qc6 {[%emt 0:00:01]} Qxc6 {[%emt 0:00:07]} 27. Bxc6 {[%emt 0:00:07]} Rd8 {[%emt 0:00:05]} 28. Ra1 {[%emt 0:00:02]} Ne7 {[%emt 0:00:09]} 29. b4 {[%emt 0:00:02]} Nd5 {[%emt 0:00:13]} 30. Ra6 {[%emt 0:00:07]} Rb8 {[%emt 0:00:05]} 31. Bd7 {[%emt 0:00:27]} Kf8 {[%emt 0:00:19]} 32. Bxe6 {[%emt 0:00:03]} Nc7 {[%emt 0:00:03]} 33. Bg4 {[%emt 0:00:16]} Nxa6 {[%emt 0:00:04]} 34. bxa6 {[%emt 0:00:00]} b5 {[%emt 0:00:05]} 35. h4 {[%emt 0:00:08]} Ra8 {[%emt 0:00:05]} 36. Be2 {[%emt 0:00:06]} Rxa6 {[%emt 0:00:02]} 37. Bxb5 {[%emt 0:00:00]} Rb6 {[%emt 0:00:01]} 38. Bd3 {[%emt 0:00:01]} Rxb4 {[%emt 0:00:01]} 39. h5 {[%emt 0:00:00]} Ke7 {[%emt 0:00:03]} 40. Kh2 {[%emt 0:00:02]} Kd6 {[%emt 0:00:02]} 41. Kg3 {[%emt 0:00:01]} Rb3 {[%emt 0:00:02]} 42. Bg6 {[%emt 0:00:01]} Rb2 {[%emt 0:00:02]} 43. Kf3 {[%emt 0:00:01]} Ke6 {[%emt 0:00:05]} 44. g4 {[%emt 0:00:01]} Kd6 {[%emt 0:00:10]} 45. Kg3 {[%emt 0:00:02]} Rb5 {[%emt 0:00:04]} 46. f3 {[%emt 0:00:01]} Rb3 {[%emt 0:00:02]} 47. Kf4 {[%emt 0:00:01]} Rb5 {[%emt 0:00:02]} 48. Ke4 {[%emt 0:00:03]} Rb2 {[%emt 0:00:17]} 49. Bf7 {[%emt 0:00:06]} Ke7 {[%emt 0:00:03]} 50. Bg8 {[%emt 0:00:01]} Rb4 {[%emt 0:00:04]} 51. Kf5 {[%emt 0:00:04]} Rb5+ {[%emt 0:00:04]} 52. Kf4 {[%emt 0:00:04]} Kf8 {[%emt 0:00:04]} 53. Bh7 {[%emt 0:00:02]} Rb4 {[%emt 0:00:03]} 54. Be4 {[%emt 0:00:06]} Ke7 {[%emt 0:00:02]} 55. Bd5 {[%emt 0:00:02]} Kd6 {[%emt 0:00:02]} 56. Ke4 {[%emt 0:00:01]} Rb1 {[%emt 0:00:04]} 57. Bg8 {[%emt 0:00:02]} Rb8 {[%emt 0:00:02]} 58. Bh7 {[%emt 0:00:02]} Re8+ {[%emt 0:00:03]} 59. Kf4 {[%emt 0:00:01] Erdema beraberlik teklif ediyor} Kd5 {[%emt 0:00:04]} 60. Be4+ {[%emt 0:00:03]} Kd6 {[%emt 0:00:02]} 61. Bg6 {[%emt 0:00:01]} Re7 {[%emt 0:00:03]} 62. e4 {[%emt 0:00:01]} Rc7 {[%emt 0:00:03]} 63. Kf5 {[%emt 0:00:01]} Rc3 {[%emt 0:00:02]} 64. f4 {[%emt 0:00:01]} Rd3 {[%emt 0:00:02]} 65. e5+ {[%emt 0:00:04]} Ke7 {[%emt 0:00:03]} 66. Ke4 {[%emt 0:00:03]} Rd1 {[%emt 0:00:02]} 67. d5 {[%emt 0:00:01]} Re1+ {[%emt 0:00:04]} 68. Kd4 {[%emt 0:00:01]} Rd1+ {[%emt 0:00:02]} 69. Bd3 {[%emt 0:00:01]} fxe5+ {[%emt 0:00:03]} 70. fxe5 {[%emt 0:00:00]} Rg1 {[%emt 0:00:04]} 71. d6+ {[%emt 0:00:01] Zaman ' (Lag: Av=0.55s, max=1.0s)} 1-0

[Event "Stay Safe Play From Home 276"]
[Site "Emanuel Lasker Arena"]
[Date "2020.07.03"]
[Round "5"]
[White "Position"]
[Black "Timbre"]
[Result "1-0"]
[WhiteElo "2134"]
[BlackElo "1613"]
[PlyCount "121"]
[EventDate "2020.07.03"]
[EventType "swiss (blitz)"]

1. e4 {[%emt 0:00:02]} c6 {[%emt 0:00:03]} 2. Nf3 {[%emt 0:00:01]} d5 {[%emt 0:00:01]} 3. Nc3 {[%emt 0:00:01]} Bg4 {[%emt 0:00:03]} 4. h3 {[%emt 0:00:01]} Bxf3 {[%emt 0:00:01]} 5. Qxf3 {[%emt 0:00:00]} dxe4 {[%emt 0:00:01]} 6. Nxe4 {[%emt 0:00:01]} e6 {[%emt 0:00:01]} 7. Bc4 {[%emt 0:00:02]} Be7 {[%emt 0:00:01]} 8. d3 {[%emt 0:00:01]} Nf6 {[%emt 0:00:01]} 9. O-O {[%emt 0:00:01]} Nxe4 {[%emt 0:00:02]} 10. Qxe4 {[%emt 0:00:03]} Bf6 {[%emt 0:00:02]} 11. Rb1 {[%emt 0:00:03]} O-O {[%emt 0:00:02]} 12. Bf4 {[%emt 0:00:02]} Nd7 {[%emt 0:00:02]} 13. Bd6 {[%emt 0:00:02]} Re8 {[%emt 0:00:02]} 14. Rfe1 {[%emt 0:00:04]} Nb6 {[%emt 0:00:02]} 15. Bc5 {[%emt 0:00:03]} Nxc4 {[%emt 0:00:02]} 16. dxc4 {[%emt 0:00:05]} Qa5 {[%emt 0:00:06]} 17. Ba3 {[%emt 0:00:07]} Rad8 {[%emt 0:00:07]} 18. Rbd1 {[%emt 0:00:07]} Rxd1 {[%emt 0:00:04]} 19. Rxd1 {[%emt 0:00:00]} Rd8 {[%emt 0:00:02]} 20. Rxd8+ {[%emt 0:00:06]} Qxd8 {[%emt 0:00:03]} 21. Qd3 {[%emt 0:00:01]} Qc7 {[%emt 0:00:07]} 22. Bd6 {[%emt 0:00:08]} Qa5 {[%emt 0:00:04]} 23. a3 {[%emt 0:00:27]} Qe1+ {[%emt 0:00:03]} 24. Kh2 {[%emt 0:00:02]} Qxf2 {[%emt 0:00:07]} 25. Bg3 {[%emt 0:00:10]} Qb6 {[%emt 0:00:07]} 26. b4 {[%emt 0:00:02]} h6 {[%emt 0:00:02]} 27. Qd7 {[%emt 0:00:13]} e5 {[%emt 0:00:14]} 28. Qe8+ {[%emt 0:00:16]} Kh7 {[%emt 0:00:03]} 29. Qxf7 {[%emt 0:00:01]} a5 {[%emt 0:00:06]} 30. c5 {[%emt 0:00:13]} Qb5 {[%emt 0:00:05]} 31. Qb3 {[%emt 0:00:02]} axb4 {[%emt 0:00:02]} 32. axb4 {[%emt 0:00:02]} e4 {[%emt 0:00:08]} 33. c4 {[%emt 0:00:02]} Qa6 {[%emt 0:00:04]} 34. Qc2 {[%emt 0:00:03]} Qa1 {[%emt 0:00:19]} 35. Qxe4+ {[%emt 0:00:02]} Kh8 {[%emt 0:00:02]} 36. b5 {[%emt 0:00:06]} cxb5 {[%emt 0:00:05]} 37. cxb5 {[%emt 0:00:01]} Bd4 {[%emt 0:00:03]} 38. Bd6 {[%emt 0:00:15]} Bg1+ {[%emt 0:00:09]} 39. Kg3 {[%emt 0:00:02]} Qc3+ {[%emt 0:00:05]} 40. Kg4 {[%emt 0:00:08]} Bxc5 {[%emt 0:00:28]} 41. Be5 {[%emt 0:00:17]} Qc1 {[%emt 0:00:10]} 42. Bf4 {[%emt 0:00:14]} Qd1+ {[%emt 0:00:11]} 43. Kf5 {[%emt 0:00:22]} b6 {[%emt 0:00:15]} 44. Kg6 {[%emt 0:00:10]} Qd8 {[%emt 0:00:16]} 45. Qe6 {[%emt 0:00:04]} Qf8 {[%emt 0:00:08]} 46. Be5 {[%emt 0:00:06]} Be7 {[%emt 0:00:12]} 47. Qf7 {[%emt 0:00:03]} Qxf7+ {[%emt 0:00:03]} 48. Kxf7 {[%emt 0:00:00]} Bc5 {[%emt 0:00:02]} 49. Bxg7+ {[%emt 0:00:01]} Kh7 {[%emt 0:00:01]} 50. g4 {[%emt 0:00:01]} Be3 {[%emt 0:00:03]} 51. Be5 {[%emt 0:00:02]} Bc5 {[%emt 0:00:01]} 52. h4 {[%emt 0:00:01]} Be3 {[%emt 0:00:02]} 53. h5 {[%emt 0:00:01]} Bc5 {[%emt 0:00:02]} 54. Ke6 {[%emt 0:00:01]} Kg8 {[%emt 0:00:03]} 55. Bf4 {[%emt 0:00:01]} Kg7 {[%emt 0:00:01]} 56. Kd7 {[%emt 0:00:02]} Bf8 {[%emt 0:00:06]} 57. Kc6 {[%emt 0:00:01]} Bc5 {[%emt 0:00:01]} 58. Bc7 {[%emt 0:00:01]} Kf6 {[%emt 0:00:01]} 59. Bxb6 {[%emt 0:00:01]} Be7 {[%emt 0:00:01]} 60. Be3 {[%emt 0:00:01]} Ke6 {[%emt 0:00:03]} 61. Bxh6 {[%emt 0:00:01] Timbre resigns (Lag: Av=1.15s, max=2.4s)} 1-0

[Event "Stay Safe Play From Home 276"]
[Site "Emanuel Lasker Arena"]
[Date "2020.07.03"]
[Round "5"]
[White "Dukic"]
[Black "haris kollari 13"]
[Result "0-1"]
[WhiteElo "1948"]
[BlackElo "1899"]
[Annotator "NA"]
[PlyCount "76"]
[EventDate "2020.07.03"]
[EventType "swiss (blitz)"]

1. c4 {[%emt 0:00:04]} e6 {[%emt 0:00:01]} 2. Nc3 {[%emt 0:00:02]} c5 {[%emt 0:00:01]} 3. Nf3 {[%emt 0:00:02]} d5 {[%emt 0:00:01]} 4. cxd5 {[%emt 0:00:12]} exd5 {[%emt 0:00:01]} 5. d4 {[%emt 0:00:01]} Nc6 {[%emt 0:00:01]} 6. e3 {[%emt 0:00:03]} Nf6 {[%emt 0:00:01]} 7. Be2 {[%emt 0:00:04]} Bg4 {[%emt 0:00:05]} 8. O-O {[%emt 0:00:02]} Bd6 {[%emt 0:00:03]} 9. dxc5 {[%emt 0:00:03]} Bxc5 {[%emt 0:00:01]} 10. b3 {[%emt 0:00:02]} O-O {[%emt 0:00:02]} 11. Bb2 {[%emt 0:00:02]} Rc8 {[%emt 0:00:01]} 12. Rc1 {[%emt 0:00:03]} Bb4 {[%emt 0:00:02]} 13. Nb5 {[%emt 0:00:09]} Ne4 {[%emt 0:00:18]} 14. Nbd4 {[%emt 0:00:12]} Nxd4 {[%emt 0:00:14]} 15. Qxd4 {[%emt 0:00:02]} Qf6 {[%emt 0:00:14]} 16. Qxf6 {[%emt 0:00:44]} gxf6 {[%emt 0:00:02]} 17. Bd4 {[%emt 0:00:04]} b6 {[%emt 0:00:05]} 18. Rfd1 {[%emt 0:00:03]} Kg7 {[%emt 0:00:19]} 19. h3 {[%emt 0:00:03]} Be6 {[%emt 0:00:06]} 20. Ba6 {[%emt 0:00:21]} Rxc1 {[%emt 0:00:09]} 21. Rxc1 {[%emt 0:00:01]} Rd8 {[%emt 0:00:08]} 22. g4 {[%emt 0:00:18]} h6 {[%emt 0:00:02]} 23. Kg2 {[%emt 0:00:09]} Kg6 {[%emt 0:00:10]} 24. Rc7 {[%emt 0:00:06]} Rd7 {[%emt 0:00:11]} 25. Rc2 {[%emt 0:00:19]} Bd6 {[%emt 0:00:03]} 26. Bd3 {[%emt 0:00:13]} Rc7 {[%emt 0:00:05]} 27. Rxc7 {[%emt 0:00:14]} Bxc7 {[%emt 0:00:01]} 28. Nd2 {[%emt 0:00:01]} f5 {[%emt 0:00:01]} 29. gxf5+ {[%emt 0:00:02]} Bxf5 {[%emt 0:00:01]} 30. Nf1 {[%emt 0:00:07]} f6 {[%emt 0:00:17]} 31. Bb5 {[%emt 0:00:09]} Nd6 {[%emt 0:00:03]} 32. Bc6 {[%emt 0:00:01]} Be6 {[%emt 0:00:03]} 33. Nd2 {[%emt 0:00:05]} Nf5 {[%emt 0:00:01]} 34. Bc3 {[%emt 0:00:04]} Nh4+ {[%emt 0:00:02]} 35. Kf1 {[%emt 0:00:05]} Bxh3+ {[%emt 0:00:01]} 36. Ke2 {[%emt 0:00:01]} Be6 {[%emt 0:00:01]} 37. f3 {[%emt 0:00:03]} Nf5 {[%emt 0:00:03]} 38. b4 {[%emt 0:00:03]} h5 {[%emt 0:00:01] Zeit (Lag: Av=0.37s, max=0.7s)} 0-1

[Event "Stay Safe Play From Home 276"]
[Site "Emanuel Lasker Arena"]
[Date "2020.07.03"]
[Round "5"]
[White "Klasman"]
[Black "Aadi3110theking"]
[Result "1-0"]
[WhiteElo "1616"]
[BlackElo "1842"]
[Annotator "NA"]
[PlyCount "55"]
[EventDate "2020.07.03"]
[EventType "swiss (blitz)"]

1. f4 {[%emt 0:00:01]} Nf6 {[%emt 0:00:02]} 2. Nf3 {[%emt 0:00:03]} c5 {[%emt 0:00:02]} 3. Nc3 {[%emt 0:00:01]} b6 {[%emt 0:00:01]} 4. e4 {[%emt 0:00:01]} d6 {[%emt 0:00:02]} 5. d4 {[%emt 0:00:03]} cxd4 {[%emt 0:00:02]} 6. Nxd4 {[%emt 0:00:01]} Bb7 {[%emt 0:00:00]} 7. Bb5+ {[%emt 0:00:04]} Nbd7 {[%emt 0:00:02]} 8. O-O {[%emt 0:00:08]} e5 {[%emt 0:00:03]} 9. fxe5 {[%emt 0:00:04]} dxe5 {[%emt 0:00:00]} 10. Nf3 {[%emt 0:00:05]} Bc5+ {[%emt 0:00:03]} 11. Kh1 {[%emt 0:00:06]} Bxe4 {[%emt 0:00:06]} 12. Nxe5 {[%emt 0:00:06]} O-O {[%emt 0:00:32]} 13. Nxd7 {[%emt 0:00:54]} Nxd7 {[%emt 0:00:45]} 14. Nxe4 {[%emt 0:00:16]} Qh4 {[%emt 0:00:11]} 15. Nxc5 {[%emt 0:00:16]} Nxc5 {[%emt 0:00:03]} 16. Qf3 {[%emt 0:00:28]} Rad8 {[%emt 0:00:09]} 17. Bf4 {[%emt 0:00:05]} Ne6 {[%emt 0:00:24]} 18. Bg3 {[%emt 0:00:06]} Qh6 {[%emt 0:00:04]} 19. Bd3 {[%emt 0:00:03]} Nd4 {[%emt 0:00:39]} 20. Qf4 {[%emt 0:00:04]} Qc6 {[%emt 0:00:08]} 21. Qh4 {[%emt 0:00:03]} f5 {[%emt 0:00:17]} 22. Be5 {[%emt 0:00:06]} Ne6 {[%emt 0:00:06]} 23. Bxf5 {[%emt 0:00:04]} g6 {[%emt 0:00:01]} 24. Bxg6 {[%emt 0:00:05]} Rd7 {[%emt 0:00:07]} 25. Rxf8+ {[%emt 0:00:10]} Kxf8 {[%emt 0:00:00]} 26. Rf1+ {[%emt 0:00:02]} Kg8 {[%emt 0:00:01]} 27. Qf6 {[%emt 0:00:03]} Nf8 {[%emt 0:00:02]} 28. Qh8# {[%emt 0:00:02] (Lag: Av=0.83s, max=2.1s)} 1-0

[Event "Stay Safe Play From Home 276"]
[Site "Emanuel Lasker Arena"]
[Date "2020.07.03"]
[Round "5"]
[White "Justwatch"]
[Black "Robk"]
[Result "0-1"]
[WhiteElo "1303"]
[BlackElo "1577"]
[Annotator "NA"]
[PlyCount "29"]
[EventDate "2020.07.03"]
[EventType "swiss (blitz)"]

1. e4 {[%emt 0:00:02]} c5 {[%emt 0:00:02]} 2. Nf3 {[%emt 0:00:01]} e6 {[%emt 0:00:01]} 3. Nc3 {[%emt 0:00:00]} Nc6 {[%emt 0:00:02]} 4. g3 {[%emt 0:00:00]} d6 {[%emt 0:00:03]} 5. Bg2 {[%emt 0:00:00]} Nf6 {[%emt 0:00:02]} 6. d3 {[%emt 0:00:00]} Be7 {[%emt 0:00:01]} 7. O-O {[%emt 0:00:00]} O-O {[%emt 0:00:10]} 8. Bg5 {[%emt 0:00:00]} h6 {[%emt 0:00:02]} 9. a3 {[%emt 0:00:00]} hxg5 {[%emt 0:00:02]} 10. Nxg5 {[%emt 0:00:00]} Nd7 {[%emt 0:00:08]} 11. Nh3 {[%emt 0:00:02]} Nde5 {[%emt 0:00:06]} 12. Qh5 {[%emt 0:00:02]} Re8 {[%emt 0:00:12]} 13. f3 {[%emt 0:00:06]} g6 {[%emt 0:00:02]} 14. Qh6 {[%emt 0:00:09]} Bf8 {[%emt 0:00:01]} 15. Qd2 {[%emt 0:00:39] Justwatch terk eder (Lag: Av=0.46s, max=0.6s)} 0-1

[Event "Stay Safe Play From Home 276"]
[Site "Emanuel Lasker Arena"]
[Date "2020.07.03"]
[Round "6"]
[White "haris kollari 13"]
[Black "AChessPlayer"]
[Result "0-1"]
[WhiteElo "1918"]
[BlackElo "2363"]
[Annotator "NA"]
[PlyCount "110"]
[EventDate "2020.07.03"]
[EventType "swiss (blitz)"]

1. e4 {[%emt 0:00:01]} c5 {[%emt 0:00:02]} 2. Nf3 {[%emt 0:00:02]} e6 {[%emt 0:00:03]} 3. d4 {[%emt 0:00:01]} cxd4 {[%emt 0:00:00]} 4. Nxd4 {[%emt 0:00:01]} Nc6 {[%emt 0:00:00]} 5. Nc3 {[%emt 0:00:01]} Qc7 {[%emt 0:00:00]} 6. Be3 {[%emt 0:00:01]} a6 {[%emt 0:00:00]} 7. Be2 {[%emt 0:00:01]} Nf6 {[%emt 0:00:02]} 8. O-O {[%emt 0:00:03]} Bb4 {[%emt 0:00:00]} 9. Bf3 {[%emt 0:00:09]} Ne5 {[%emt 0:00:03]} 10. Nce2 {[%emt 0:00:04]} Nxf3+ {[%emt 0:00:06]} 11. gxf3 {[%emt 0:00:02]} Bd6 {[%emt 0:00:10]} 12. Ng3 {[%emt 0:00:07]} h5 {[%emt 0:00:01]} 13. Bg5 {[%emt 0:00:15]} h4 {[%emt 0:00:03]} 14. Nge2 {[%emt 0:00:02]} Bxh2+ {[%emt 0:00:01]} 15. Kg2 {[%emt 0:00:01]} h3+ {[%emt 0:00:01]} 16. Kh1 {[%emt 0:00:03]} Be5 {[%emt 0:00:09]} 17. c3 {[%emt 0:00:06]} b6 {[%emt 0:00:06]} 18. f4 {[%emt 0:00:01]} Nxe4 {[%emt 0:00:04]} 19. fxe5 {[%emt 0:00:08]} Nxg5 {[%emt 0:00:02]} 20. f4 {[%emt 0:00:02]} Bb7+ {[%emt 0:00:01]} 21. Kh2 {[%emt 0:00:03]} Ne4 {[%emt 0:00:02]} 22. Qd3 {[%emt 0:00:11]} g5 {[%emt 0:00:01]} 23. Qe3 {[%emt 0:00:08]} g4 {[%emt 0:00:26]} 24. Rg1 {[%emt 0:00:02]} Rg8 {[%emt 0:00:06]} 25. Ng3 {[%emt 0:00:01]} Nxg3 {[%emt 0:00:01]} 26. Rxg3 {[%emt 0:00:03]} Qc4 {[%emt 0:00:10]} 27. Rag1 {[%emt 0:00:06]} Qxa2 {[%emt 0:00:06]} 28. Rxg4 {[%emt 0:00:13]} Qxb2+ {[%emt 0:00:02]} 29. Qe2 {[%emt 0:00:06]} Qxe2+ {[%emt 0:00:04]} 30. Nxe2 {[%emt 0:00:01]} Rxg4 {[%emt 0:00:14]} 31. Rxg4 {[%emt 0:00:01]} Bf3 {[%emt 0:00:01]} 32. Rg8+ {[%emt 0:00:01]} Ke7 {[%emt 0:00:00]} 33. Rxa8 {[%emt 0:00:02]} Bxa8 {[%emt 0:00:00]} 34. Kxh3 {[%emt 0:00:01]} Bd5 {[%emt 0:00:03]} 35. Kg3 {[%emt 0:00:01]} a5 {[%emt 0:00:00]} 36. Nd4 {[%emt 0:00:03]} a4 {[%emt 0:00:01]} 37. Nb5 {[%emt 0:00:03]} Bc4 {[%emt 0:00:02]} 38. Na3 {[%emt 0:00:01]} b5 {[%emt 0:00:04]} 39. Kf2 {[%emt 0:00:02]} d6 {[%emt 0:00:01]} 40. Ke3 {[%emt 0:00:01]} f6 {[%emt 0:00:01]} 41. Kd4 {[%emt 0:00:03]} dxe5+ {[%emt 0:00:01]} 42. fxe5 {[%emt 0:00:01]} f5 {[%emt 0:00:01]} 43. Nc2 {[%emt 0:00:08]} Kf7 {[%emt 0:00:03]} 44. Kc5 {[%emt 0:00:01]} Kg6 {[%emt 0:00:08]} 45. Na3 {[%emt 0:00:07]} f4 {[%emt 0:00:01]} 46. Kd6 {[%emt 0:00:02]} f3 {[%emt 0:00:01]} 47. Nc2 {[%emt 0:00:04]} f2 {[%emt 0:00:01]} 48. Ne3 {[%emt 0:00:01]} a3 {[%emt 0:00:02]} 49. Nxc4 {[%emt 0:00:03]} bxc4 {[%emt 0:00:00]} 50. Kxe6 {[%emt 0:00:00]} f1=Q {[%emt 0:00:01]} 51. Kd7 {[%emt 0:00:00]} a2 {[%emt 0:00:01]} 52. e6 {[%emt 0:00:01]} a1=Q {[%emt 0:00:00]} 53. e7 {[%emt 0:00:01]} Qa7+ {[%emt 0:00:02]} 54. Kd6 {[%emt 0:00:02]} Qd3+ {[%emt 0:00:01]} 55. Kc6 {[%emt 0:00:01]} Qdd7# {[%emt 0:00:03] (Lag: Av=0.54s, max=0.8s)} 0-1

[Event "Stay Safe Play From Home 276"]
[Site "Emanuel Lasker Arena"]
[Date "2020.07.03"]
[Round "6"]
[White "Aadi3110theking"]
[Black "Position"]
[Result "1-0"]
[WhiteElo "1816"]
[BlackElo "2136"]
[Annotator "NA"]
[PlyCount "85"]
[EventDate "2020.07.03"]
[EventType "swiss (blitz)"]

1. Nf3 {[%emt 0:00:03]} d6 {[%emt 0:00:03]} 2. c4 {[%emt 0:00:01]} Nf6 {[%emt 0:00:01]} 3. b3 {[%emt 0:00:01]} g6 {[%emt 0:00:05]} 4. Bb2 {[%emt 0:00:01]} Bg7 {[%emt 0:00:00]} 5. g3 {[%emt 0:00:01]} O-O {[%emt 0:00:01]} 6. Bg2 {[%emt 0:00:01]} Nc6 {[%emt 0:00:02]} 7. O-O {[%emt 0:00:01]} e5 {[%emt 0:00:01]} 8. d3 {[%emt 0:00:01]} Re8 {[%emt 0:00:01]} 9. e3 {[%emt 0:00:01]} Bg4 {[%emt 0:00:02]} 10. Nbd2 {[%emt 0:00:02]} Qd7 {[%emt 0:00:08]} 11. a3 {[%emt 0:00:02]} a5 {[%emt 0:00:02]} 12. Bc3 {[%emt 0:00:02]} Rad8 {[%emt 0:00:02]} 13. Qc2 {[%emt 0:00:02]} Bh3 {[%emt 0:00:07]} 14. b4 {[%emt 0:00:01]} Bxg2 {[%emt 0:00:04]} 15. Kxg2 {[%emt 0:00:01]} axb4 {[%emt 0:00:01]} 16. axb4 {[%emt 0:00:00]} Ne7 {[%emt 0:00:32]} 17. c5 {[%emt 0:00:03]} h6 {[%emt 0:00:02]} 18. Nc4 {[%emt 0:00:04]} g5 {[%emt 0:00:02]} 19. cxd6 {[%emt 0:00:02]} cxd6 {[%emt 0:00:01]} 20. Qb2 {[%emt 0:00:14]} Ng6 {[%emt 0:00:02]} 21. b5 {[%emt 0:00:05]} Nd5 {[%emt 0:00:14]} 22. Bd2 {[%emt 0:00:09]} g4 {[%emt 0:00:09]} 23. Ne1 {[%emt 0:00:04]} e4 {[%emt 0:00:01]} 24. d4 {[%emt 0:00:05]} Nde7 {[%emt 0:00:02]} 25. Bb4 {[%emt 0:00:03]} Nc8 {[%emt 0:00:16]} 26. Ra8 {[%emt 0:00:13]} h5 {[%emt 0:00:20]} 27. Rxc8 {[%emt 0:00:27]} Rxc8 {[%emt 0:00:03]} 28. Nxd6 {[%emt 0:00:02]} h4 {[%emt 0:00:05]} 29. Nxe8 {[%emt 0:00:05]} Rxe8 {[%emt 0:00:05]} 30. Bc5 {[%emt 0:00:10]} Qf5 {[%emt 0:00:19]} 31. Qe2 {[%emt 0:00:17]} Bf8 {[%emt 0:00:09]} 32. Bxf8 {[%emt 0:00:08]} Rxf8 {[%emt 0:00:03]} 33. Nc2 {[%emt 0:00:08]} h3+ {[%emt 0:00:01]} 34. Kg1 {[%emt 0:00:02]} Rc8 {[%emt 0:00:01]} 35. Nb4 {[%emt 0:00:06]} Ne7 {[%emt 0:00:26]} 36. Rd1 {[%emt 0:00:10]} Rc3 {[%emt 0:00:04]} 37. d5 {[%emt 0:00:06]} Nc8 {[%emt 0:00:16]} 38. d6 {[%emt 0:00:05]} Nb6 {[%emt 0:00:01]} 39. d7 {[%emt 0:00:14]} Nxd7 {[%emt 0:00:02]} 40. Nd5 {[%emt 0:00:01]} Qe5 {[%emt 0:00:19]} 41. Nxc3 {[%emt 0:00:01]} Qxc3 {[%emt 0:00:01]} 42. Qxg4+ {[%emt 0:00:01]} Kf8 {[%emt 0:00:00]} 43. Qxd7 {[%emt 0:00:01] Position resigns (Lag: Av=1.48s, max=3.1s)} 1-0

[Event "Stay Safe Play From Home 276"]
[Site "Emanuel Lasker Arena"]
[Date "2020.07.03"]
[Round "6"]
[White "Erdema"]
[Black "Klasman"]
[Result "0-1"]
[WhiteElo "1678"]
[BlackElo "1643"]
[Annotator "NA"]
[PlyCount "66"]
[EventDate "2020.07.03"]
[EventType "swiss (blitz)"]

1. e4 {[%emt 0:00:03]} f5 {[%emt 0:00:01]} 2. exf5 {[%emt 0:00:05]} Nf6 {[%emt 0:00:01]} 3. Be2 {[%emt 0:00:01]} h5 {[%emt 0:00:05]} 4. d4 {[%emt 0:00:03]} d5 {[%emt 0:00:01]} 5. Bg5 {[%emt 0:00:02]} Bxf5 {[%emt 0:00:02]} 6. Bxf6 {[%emt 0:00:03]} exf6 {[%emt 0:00:01]} 7. Bxh5+ {[%emt 0:00:01]} g6 {[%emt 0:00:12]} 8. Bg4 {[%emt 0:00:05]} Nc6 {[%emt 0:00:11]} 9. Bxf5 {[%emt 0:00:02]} gxf5 {[%emt 0:00:02]} 10. Nf3 {[%emt 0:00:03]} Qd7 {[%emt 0:00:11]} 11. O-O {[%emt 0:00:03]} O-O-O {[%emt 0:00:02]} 12. Nc3 {[%emt 0:00:03]} Qh7 {[%emt 0:00:14]} 13. h3 {[%emt 0:00:03]} Bb4 {[%emt 0:00:07]} 14. Qd3 {[%emt 0:00:11]} Rdg8 {[%emt 0:00:19]} 15. Kh2 {[%emt 0:00:06]} Bd6+ {[%emt 0:00:03]} 16. Ne5 {[%emt 0:00:29]} fxe5 {[%emt 0:00:13]} 17. dxe5 {[%emt 0:00:03]} Bxe5+ {[%emt 0:00:03]} 18. f4 {[%emt 0:00:03]} Bxc3 {[%emt 0:00:15]} 19. bxc3 {[%emt 0:00:04]} Qg6 {[%emt 0:00:15]} 20. Rf2 {[%emt 0:00:04]} Rd8 {[%emt 0:00:15]} 21. a4 {[%emt 0:00:03]} d4 {[%emt 0:00:05]} 22. c4 {[%emt 0:00:06]} Nb4 {[%emt 0:00:13]} 23. Qb3 {[%emt 0:00:02]} a5 {[%emt 0:00:05]} 24. Re1 {[%emt 0:00:10]} d3 {[%emt 0:00:03]} 25. c3 {[%emt 0:00:16]} Rhg8 {[%emt 0:00:08]} 26. Re3 {[%emt 0:00:07]} Nc2 {[%emt 0:00:07]} 27. Rxd3 {[%emt 0:00:10]} Rxd3 {[%emt 0:00:05]} 28. Qxc2 {[%emt 0:00:01]} Qg3+ {[%emt 0:00:04]} 29. Kh1 {[%emt 0:00:06]} Rgd8 {[%emt 0:00:04]} 30. Kg1 {[%emt 0:00:10]} Rd1+ {[%emt 0:00:02]} 31. Rf1 {[%emt 0:00:02]} Qe3+ {[%emt 0:00:03]} 32. Qf2 {[%emt 0:00:02]} Rxf1+ {[%emt 0:00:03]} 33. Kxf1 {[%emt 0:00:03]} Rd1+ {[%emt 0:00:03] Erdema terk eder (Lag: Av=0.60s, max=0.8s)} 0-1